Plant parasitic nematodes /

Guardado en:
Otros Autores: Zuckerman, Bert Merton, 1924-, Mai, W. F., Rohde, Richard A., 1929-
Formato: Libro
Idioma:English
Publicado: New York : Academic Press, 1971-1981.
Materias:
Etiquetas: Agregar Etiqueta
Sin Etiquetas, Sea el primero en etiquetar este registro!
LEADER 01097cam a2200265 a 4500
001 EEA.libagro010002
005 20140704113941.0
008 710521m19711981nyua#####b####001#0#eng##
020 |a 0127822011 (v. 1) 
020 |z 012782202X (v. 2) 
082 0 0 |a 595.182 
245 0 0 |a Plant parasitic nematodes /  |c edited by B. M. Zuckerman, W. F. Mai, and R. A. Rohde. 
260 |a New York :  |b Academic Press,  |c 1971-1981. 
300 |a 3 v. :  |b il. ;  |c 24 cm. 
500 |a Vol. 3 edited by Bert M. Zuckerman and Richard A. Rohde. 
500 |a La biblioteca posee: v. 1 y v. 2. 
504 |a Incluye referencias bibliográficas. 
505 0 |a v. 1. Morphology, anatomy, taxonomy, and ecology -- v. 2. Cytogenetics, host-parasite interactions, and physiology. 
650 0 |a Nematodos de las plantas  |2 agrovoc 
650 0 |a Plagas de plantas 
700 1 |a Zuckerman, Bert Merton,  |d 1924- 
700 1 |a Mai, W. F. 
700 1 |a Rohde, Richard A.,  |d 1929- 
859 |a AR-BbBCA  |b BIB. AGRONOMIA  |h 595.182  |i Z94  |p 1976/0043  |v Vol. 1  |3 Vol. 1 
859 |a AR-BbBCA  |b BIB. AGRONOMIA  |h 595.182  |i Z94  |p 1976/0043b  |v Vol. 2  |3 Vol. 2